000 00345pab a2200145 454500
008 180718b1984 xxu||||| |||| 00| 0 eng d
100 _aWilliams, Roger
245 _aBritish technology policy
260 _c1984
300 _a30-51
362 _aWinter
650 _aTechnology - U.K.
773 _aGovernment and Opposition
909 _a19184
999 _c19184
_d19184